El señor presidente
Gardado en:
| Autor Principal: | |
|---|---|
| Formato: | Libro |
| Idioma: | Lingua castelá |
| Publicado: |
Buenos Aires
Losada
1968
|
| Edición: | 11a. ed |
| Series: | Novelistas de Nuestra Epoca
|
| Subjects: | |
| Tags: |
Engadir etiqueta
Sen Etiquetas, Sexa o primeiro en etiquetar este rexistro!
|
MARC
| LEADER | 00000nam a2200000 a 4500 | ||
|---|---|---|---|
| 001 | UCH4131 | ||
| 003 | CL-VaPUC | ||
| 008 | 090818e19680000AG |||||||||||||||||spa|d | ||
| 082 | 0 | 4 | |a Gu863 |b AST |2 21 |
| 100 | 0 | |a Asturias, Miguel Angel |e author |9 309802 | |
| 245 | 1 | 3 | |a El señor presidente |
| 250 | |a 11a. ed | ||
| 300 | |a 274 p | ||
| 942 | |c BK | ||
| 945 | |d 20090818 00:00:00 |a lazolas | ||
| 260 | |a Buenos Aires |b Losada |c 1968 | ||
| 650 | 0 | |a Novelas guatemaltecas |9 315656 | |
| 583 | |a last modification |c 20090818 00:00:00 |k Rodrigo Vera | ||
| 490 | 0 | |a Novelistas de Nuestra Epoca | |
| 999 | |c 335475 |d 335473 | ||